[Event "Corus"]
[Site "Wijk aan Zee"]
[Date "2002.01.13"]
[Round "2"]
[White "Van Wely, Loek"]
[Black "Timman, Jan H"]
[Result "0-1"]
[WhiteElo "2697"]
[BlackElo "2605"]
[Annotator "Ernst,T"]
[PlyCount "60"]
[EventDate "2002.01.12"]
[EventType "tourn"]
[EventRounds "13"]
[EventCountry "NED"]
[EventCategory "18"]
[SourceTitle "CBM 087"]
[Source "ChessBase"]
[SourceDate "2002.03.21"]
[SourceVersion "1"]
[SourceVersionDate "2002.03.21"]
[SourceQuality "1"]

1. d4 {[%mdl 1] Ftacnik} Nf6 2. c4 e6 3. g3 c5 4. d5 exd5 5. cxd5 d6 6. Nc3 g6
7. Bg2 Bg7 8. Nf3 O-O 9. O-O a6 10. a4 Re8 11. Nd2 Nbd7 12. h3 Rb8 13. Nc4 Ne5
{This move usually leads to fierce complications.} (13... Nb6 14. Na3 Bd7 $11 {
The most reliable continuation.}) 14. Na3 Nh5 $8 15. e4 (15. g4 $6 {Ftacnik}
Qh4 $1 $40) (15. f4 $6 {Ftacnik} Nxg3 $5 16. fxe5 Bxe5 $1 $40) (15. e3 {Ftacnik
} f5 $10) (15. Kh2 {Ftacnik} f5 $10) 15... Rf8 {Timmans' move.} (15... f5 $2
16. exf5 Bxf5 17. g4 $1 Bxg4 18. hxg4 Qh4 19. gxh5 Rf8 20. h6 Bh8 21. Nc4 $1
Ng4 22. Qxg4 Qxg4 23. Nxd6 $16 {Kovacevic-Nemet/Karlovac/1979/} Be5 24. Nde4
Rf5 25. Be3 Rbf8 26. f4 $1 $16) (15... Bd7 16. a5 Qxa5 17. g4 Nf6 18. g5 Nh5
19. f4 Nc4 20. Nxc4 Qxa1 21. Nxd6 Bd4+ 22. Kh2 Re7 $13 {Hulak-Nunn/Toluca (iz)/
1982/}) (15... Bd7 $5 {Ftacnik}) 16. Kh2 {Without doubt the best move (Psakhis)
.} (16. g4 $2 Qh4 17. gxh5 Bxh3 $44 {Scheeren-Timman/Holland/1980/}) (16. Re1
$6 {Ftacnik} f5 17. exf5 Bxf5 $36) 16... f5 (16... Bd7 $5 17. Qe2 (17. f4 {
Ftacnik} b5 $13 {Kasparov/}) 17... Qe8 18. g4 $1 $16 {Psakhis} (18. a5 $6 {
Ftacnik} f5 19. f4 Nf7 $15 {Kapengut/}) 18... b5 (18... Nf6 {Ftacnik} 19. a5
$14) 19. axb5 f5 20. exf5 gxf5 21. gxh5 f4 22. f3 axb5 23. h6 $1 Bxh6 24. Ne4
$16 {Kapetanovic,A-Martic,Z/corr/1986/ 1:0 (36)}) 17. f4 b5 $1 {Black's only
counterchance.} (17... Nf7 $2 18. exf5 $18) (17... fxe4 18. Nxe4 Nf7 19. Nc4
$16 {Ki.Georgiev-Alexakis/Corfu/1991/}) (17... Bd7 $5 {Ftacnik}) 18. axb5 (18.
fxe5 $2 Nxg3 {'!' Ftacnik.} 19. Kxg3 Bxe5+ 20. Kf2 Qh4+ {'!?' Ftacnik.} (20...
Bd4+ {Ftacnik} 21. Kg3 Be5+ 22. Kf2 Bd4+ $10) 21. Kg1 Qg3 22. Rf3 Qh2+ $17 {
Birnboim-Arnason 1982} 23. Kf1 $2 (23. Kf2 {Ftacnik} Bd7 (23... Bd4+ $2 {
Ftacnik} 24. Qxd4 $1 cxd4 25. Bf4 fxe4 26. Bxh2 exf3 27. Bxd6 $18) 24. Qg1 Bd4+
25. Be3 Qe5 $44 {Arnason}) 23... Bd7 $1 $40 {0-1 Birnboim,N-Arnason,J/Randers
1982 (35) 0-1}) 18... axb5 19. fxe5 $5 {'?!' Ftacnik.  This move was played in
a similar position in Birnboim-Arnason/Randers (Z)/1982/, which was quickly
won by black... However, the move should lead to an equal position after best
play.  Ftacnik: 'The first dubious move in the war of two dutch cocks, already
for a few years Van Wely is shadowing the legendary n 1 from the era of Karpov.
'} (19. Naxb5 fxe4 20. Bxe4 {'!' Ftacnik.} (20. Nxd6 $5 Nxg3 $1 (20... Qxd6 21.
Nxe4 Qb6 22. fxe5 Rxf1 23. Qxf1 Bxe5 $13 {Kasparov} 24. Qc4 $1 $14) 21. Kxg3
Qxd6 22. Nxe4 Qb6 $13 {Kasparov}) (20. Na7 {Ftacnik} e3 $1 21. Qe2 Nxg3 $1 22.
Kxg3 g5 $1 23. f5 Bxf5 24. Qxe3 Nc4 $3 (24... Qd7 {Ftacnik} 25. Qxg5 h6 26. Qh5
Bg6 27. Rxf8+ Rxf8 28. Qe2 Bd3 29. Qe3 Nc6 30. dxc6 Qf5 31. Kh2 Bd4 32. Bd5+ {
1-0 Alburt,L-Olafsson,H/Reykjavik 1982/ (32)}) 25. Qxg5 Qxg5+ 26. Bxg5 Rxb2 27.
Rac1 Rb3 28. Nab5 Bd7 29. Rxf8+ Kxf8 30. Kh2 Be5+ 31. Kh1 Nb6 32. Bf1 c4 $1 $10
{Byrne,Mednis/}) 20... Bd7 {'!' Ftacnik.} 21. Qe2 {'!' Ftacnik.} Qb6 22. Na3 {
'!' Ftacnik.} Rbe8 {Kortnoj-Kasparov/Luzern(ol)/1982/} 23. Qg2 $1 $16 {'!'
Ftacnik.} (23. Bd2 $2 {Ftacnik} Qxb2 $1 $17 24. fxe5 $2 (24. Ra2 $1 {Ftacnik}
Qb4 $1 $17) 24... Bxe5 25. Nc4 Nxg3 $1 $19 {0-1 Kortschnoj,V-Kasparov,G/Luzern
1982/ (36)}) 23... Qb3 (23... c4 {Ftacnik} 24. Bd2 Qb8 25. Rab1 (25. g4 {
Ftacnik} Nf6 26. fxe5 Nxe4 27. Nxe4 Bxe5+ 28. Kh1 Bxb2 29. Rxf8+ Rxf8 30. Rb1
Qb3 31. Bc3 {1-0 Lacrosse,M-Piceu,T/Gent 2000/ (31)}) 25... Qc8 26. Rbe1 Nd3
27. Bxd3 cxd3 28. Rxe8 Rxe8 29. Re1 Rxe1 30. Bxe1 {1-0 Lacrosse,M-Piceu,T/Gent
2000/ (40)}) (23... g5 {Ftacnik} 24. fxg5 Rxf1 25. Nc4 Qb3 26. Qxf1 Rf8 27. Qe2
Bb5 28. Qxh5 Rf2+ 29. Kg1 {1-0 Burger,K-Bergmann,T/Reykjavik 1984/ (29)}) 24.
Bc2 Qb4 25. Bd2 Nc4 $16 {Sloth-Slerud/cr/1984/} 26. Nxc4 Qxc4 27. Rfe1 $16 {
Sloth,J-Sterud,E/corr/1984/0,5 (67)/}) 19... Nxg3 {'!' Ftacnik.} (19... b4 $6 {
Ftacnik} 20. Nc4 bxc3 21. bxc3 $14) 20. Rf3 (20. Kxg3 {Ftacnik} Bxe5+ 21. Kf3
Qh4 (21... b4 $5 {Ftacnik}) 22. Ke2 b4 $40) 20... Bxe5 21. Naxb5 (21. Rxg3 b4
22. Qe1 bxa3 23. Rxa3 Qh4 24. exf5 Bxf5 25. Bg5 Qh5 (25... Qxg3+ 26. Qxg3 Bxg3+
27. Kxg3 Rxb2 28. Be7 $14) 26. Bc1 {Now probably black has nothing better than
to repeat moves.} Qh4 $11 (26... Rbe8 27. Nb5 Bf4 28. Qg1 $14)) 21... Qh4 {
'!' Ftacnik.} 22. exf5 Bxf5 {This is better for white according to Fritz, but
Timman has a different opinion.} (22... Nxf5+ {This should lead to a draw by
best play.} 23. Kg1 Bd7 24. Ra5 Qd8 25. Qa4 Bd4+ 26. Kh2 $1 (26. Kh1 $2 Qe8 $17
) 26... Be5+ (26... Qe8 27. Qc4) 27. Kg1 $11 (27. Bf4 Bxc3 28. bxc3 Nh4 $17))
23. Ra4 Be4 $1 {A bolt from the blue!} (23... c4 $3 {This was probably even
stronger.} 24. Kg1 $1 (24. Nc7 Bxh3 25. Bxh3 Ne2+ 26. Kg2 Rxf3 27. Be6+ Kh8 28.
Kxf3 Rf8+ $19) (24. Na3 Bg4 25. Nxc4 {To try to get rid of the bishop e5.} (25.
Rxf8+ Rxf8 26. Qxg4 Ne4+ $19) 25... Rxf3 (25... Bxf3 26. Nxe5 $16) 26. Nxe5 (
26. Bxf3 $2 Ne2+ $19) (26. Qxf3 Nf1+ 27. Kg1 $8 Bd4+ {To save the nasty bishop.
} 28. Qe3 Nxe3 $19) 26... Nf1+ 27. Bxf1 Qf2+ 28. Kh1 Rg3 $19) 24... Bxh3 25.
Rxc4 $1 {The best chance.} Qxc4 26. Bxh3 Qh4 27. Kg2 Nh5 $1 {The decisive move.
} (27... Rxf3 28. Qxf3 Rf8 29. Qg4 $1 (29. Qe3 Nf1 $19) 29... Qf6 30. Qe6+ $14)
28. Bh6 Rxf3 29. Qxf3 Bf4 30. Bxf4 Nxf4+ 31. Kh2 Rf8 32. Qg3 Qh6 33. Qe3 $8 g5
$17 34. Nd4 $1 g4 $1 (34... Nxh3 $2 35. Qxh3 Rf2+ 36. Kg3 Qxh3+ 37. Kxh3 Rxb2
38. Kg4 $15 {White has some drawing chances in the ending.}) 35. Ne6 Rf5 36.
Nxf4 Rxf4 37. Ne2 Rf6 $19 {Black remains the exchange up.}) 24. Rxf8+ $2 {
Ftacnik: 'Quite surely the decisive mistake while the correct 24.Nxe4!? is
difficult to refute even in the home analyses. The defender simply can't allow
the opponent to freely use all reserves in the attack. '} (24. Nxe4 $1 {
This loses the queen, but should lead to a draw. The bishop e5 is black's best
piece.} Nxe4+ (24... Ne2+ $5 {Ftacnik} 25. Kh1 Rxf3 26. Qxe2 Rxh3+ 27. Bxh3
Qxh3+ 28. Kg1 Rf8 29. Nf6+ $1 Rxf6 30. Ra8+ Kg7 31. Ra7+ Kf8 32. Ra8+ Ke7 33.
Ra7+ Kd8 34. Ra8+ Kd7 35. Ra7+ Kc8 $2 36. Bf4 $1) 25. Kg1 Rxf3 26. Qxf3 Qe1+
27. Qf1 (27. Bf1 $2 {Ftacnik} Qxc1 $17) 27... Qg3 28. Rxe4 (28. Bf4 $2 Bxf4 29.
Rxe4 Qh2+ 30. Kf2 Rf8 31. Ke2 Bg3 32. Qh1 Rf2+ 33. Kd1 Rxg2 $17) (28. Qf3 {
Malcolm Pein.} Qh2+ 29. Kf1 Ng3+ 30. Ke1 Qg1+ 31. Kd2 Rf8 $19) 28... Qh2+ 29.
Kf2 Rf8+ 30. Ke2 Rxf1 31. Kxf1 Qg3 32. Re2 (32. Nc3 {This was given by Malcolm
Pein,} Bxc3 33. bxc3 Qd3+ 34. Re2 Qd1+ 35. Re1 Qd3+ $11) 32... Qd3 33. Nc3 Bxc3
34. bxc3 Qd1+ 35. Re1 Qd3+ 36. Kg1 Qxc3 $11) 24... Rxf8 25. Kg1 Ne2+ $1 {
'!!' Ftacnik. Wins by force.} 26. Qxe2 Qg3 27. Bf4 $8 Qxf4 28. Bxe4 (28. Bf3
Qg3+ 29. Qg2 Qe1+ 30. Qf1 Bh2+ 31. Kxh2 Qxf1 32. Bxe4 Rf2+ 33. Kg3 Qg1+ 34. Kh4
Rf4#) 28... Qg3+ 29. Kh1 Rf1+ 30. Qxf1 Qh2# 0-1

[Event "Zonal Randers Preliminaries A"]
[Site "Randers"]
[Date "1982.01.??"]
[Round "6"]
[White "Birnboim, Nathan"]
[Black "Arnason, Jon Loftur"]
[Result "0-1"]
[WhiteElo "2460"]
[BlackElo "2445"]
[Annotator "Gagarin,V"]
[PlyCount "71"]
[EventDate "1982.01.09"]
[EventType "tourn"]
[EventRounds "11"]
[EventCountry "DEN"]
[EventCategory "7"]
[SourceTitle "MCL"]
[Source "ChessBase"]
[SourceDate "1999.07.01"]
[SourceVersion "1"]
[SourceVersionDate "1999.07.01"]
[SourceQuality "1"]

1. d4 Nf6 2. c4 e6 3. g3 c5 4. d5 exd5 5. cxd5 d6 6. Nc3 g6 7. Bg2 Bg7 8. Nf3
O-O 9. O-O a6 10. a4 Nbd7 11. Nd2 Re8 12. h3 Rb8 13. Nc4 Ne5 (13... Nb6 14. Na3
Bd7 15. e4 $5 (15. Re1 $5) (15. a5 Nc8 16. Nc4 Bb5 17. Qb3 Bxc4 18. Qxc4 Nd7
$10) 15... Nc8 16. Qd3 Qc7 17. Be3 $14) 14. Na3 Nh5 15. e4 (15. g4 $6 Qh4 $1
$40) (15. f4 $6 Nxg3 $5 16. fxe5 Bxe5 $1 $40) (15. e3 f5 $10) (15. Kh2 f5 $10)
15... Rf8 {Timman/} (15... f5 $6 16. exf5 Bxf5 17. g4 Bxg4 18. hxg4 Qh4 19.
gxh5 Rf8 20. h6 Bh8 21. Nc4 $1 Ng4 22. Qxg4 Qxg4 23. Nxd6 Be5 24. Nde4 Rf5 25.
Be3 Rbf8 26. f4 $1 $16) (15... Bd7 $5 {Nunn/}) 16. Kh2 (16. g4 $6 Qh4 $1 $40) (
16. Re1 $6 f5 17. exf5 Bxf5 $36) 16... f5 (16... Bd7 17. Qe2 (17. f4 b5 $13 {
Kasparov/}) 17... Qe8 18. g4 $1 (18. a5 $6 f5 19. f4 Nf7 $15 {Kapengut/}) 18...
b5 (18... Nf6 19. a5 $14) 19. axb5 f5 20. exf5 gxf5 21. gxh5 f4 22. f3 axb5 23.
h6 $1 Bxh6 24. Ne4 $16 {Kapetanovic,A-Martic,Z/corr/1986/1:0/36/}) 17. f4 b5 $5
(17... Bd7 $5 {Alburt/}) 18. fxe5 $6 (18. axb5 $1 axb5 19. Naxb5 fxe4 20. Bxe4
$1 (20. Na7 e3 $1 21. Qe2 Nxg3 $1 22. Kxg3 g5 $1 23. f5 Bxf5 24. Qxe3 {Alburt,
L-Olafsson,H/Reykjavik/1982/1:0 /34/} Nc4 $3 25. Qxg5 Qxg5+ 26. Bxg5 Rxb2 27.
Rac1 Rb3 28. Nab5 Bd7 29. Rxf8+ Kxf8 30. Kh2 Be5+ 31. Kh1 Nb6 32. Bf1 c4 $1 $10
{Byrne,Mednis/}) 20... Bd7 $1 21. Qe2 $1 Qb6 22. Na3 $1 Rbe8 23. Qg2 $1 {
Kasparov} (23. Bd2 $2 Qxb2 $1 $17 24. fxe5 $2 (24. Ra2 $1 Qb4 $1 $17 {Kasparov}
) 24... Bxe5 25. Nc4 Nxg3 $1 $19 {Kortschnoj,V-Kasparov,G/Luzern ol/1982/0:1/
36/}) 23... Qb3 24. Bc2 Qb4 25. Bd2 Nc4 26. Nxc4 Qxc4 27. Rfe1 $16 {Sloth,
J-Sterud,E/corr/1984/0,5 (67)/}) 18... Nxg3 $1 19. Kxg3 Bxe5+ 20. Kf2 Qh4+ $5 (
20... Bd4+ 21. Kg3 Be5+ 22. Kf2 Bd4+ $10) 21. Kg1 Qg3 22. Rf3 Qh2+ 23. Kf1 $2 (
23. Kf2 Bd7 (23... Bd4+ $2 24. Qxd4 $1 cxd4 25. Bf4 fxe4 26. Bxh2 exf3 27. Bxd6
$18) 24. Qg1 Bd4+ 25. Be3 Qe5 $44 {Arnason}) 23... Bd7 $1 $40 {P fe, P d4} 24.
Nc4 $4 (24. Bh6 $1 fxe4 (24... Bd4 $6 25. Bxf8 (25. Qxd4 $6 cxd4 26. Bf4 fxe4
27. Bxh2 exf3 28. Ne4 $1 fxg2+ 29. Kxg2 Rbe8 $5 $36) 25... Qg1+ (25... fxe4 26.
Nxe4 Qg1+ 27. Ke2 Qxg2+ 28. Ke1 $16 {- 25... g1} (28. Nf2 $6 Bxf2 29. Qh1 Re8+
30. Kd3 Qg5 $1 $36)) 26. Ke2 Qxg2+ 27. Ke1 (27. Kd3 $6 Qxb2 $36) 27... fxe4 (
27... Rxf8 28. Qe2 $16) 28. Nxe4 Rxf8 (28... Re8 29. Qe2 $16) (28... Qh1+ 29.
Kd2 $16) 29. Rxf8+ Kxf8 30. Qe2 $16) 25. Rxf8+ (25. Nxe4 $2 Bxh3 $1 26. Bxf8
Bxg2+ 27. Ke1 Bxf3 28. Qxf3 Rxf8 $19) 25... Rxf8+ 26. Bxf8 Bd4 (26... Bxh3 27.
Bxh3 Qxh3+ 28. Ke1 $1 (28. Ke2 $2 Qf3+ 29. Kd2 Qd3+ $19) 28... Qg3+ 29. Kf1 $8
(29. Kd2 $2 Qd3+ $19) (29. Ke2 Qf3+ $19) 29... Qh3+ 30. Ke1 $8 Qg3+ $10) 27.
Nxe4 (27. Qxd4 $6 cxd4 28. Bxd6 Qxd6 29. Nxe4 Qf4+ 30. Nf2 bxa4 $36) 27... Qg1+
28. Ke2 Qe3+ (28... Qxg2+ $2 29. Kd3 Bf5 30. Qe2 $16) 29. Kf1 Qg1+ (29... Bxh3
$6 30. Bxh3 Qxh3+ 31. Ke1 $16) 30. Ke2 Qe3+ $10) (24. Be3 $6 fxe4 25. Bg1 Rxf3+
26. Qxf3 Qxg1+ $1 27. Kxg1 exf3 28. Bxf3 b4 $19) 24... bxc4 $19 25. Ra3 (25.
Be3 Rxb2 $19) 25... fxe4 26. Nxe4 Bxh3 $1 27. Bxh3 (27. Qe2 Qh1+ $19) 27...
Qxh3+ 28. Ke2 (28. Kg1 Qh2+ 29. Kf1 Qh1+ 30. Ke2 Qg2+ $19) (28. Ke1 Qh1+ 29.
Kd2 c3+ $1 30. Raxc3 Bxc3+ 31. Rxc3 Qxe4 $19) 28... Qg2+ 29. Nf2 (29. Ke1 c3 $1
$19) 29... c3 $1 30. Rxf8+ Rxf8 31. Be3 Qf3+ 32. Kd3 c4+ 33. Kxc4 Qxe3 34. Ng4
Rf4+ 35. Kb3 Qb6+ 36. Kc2 0-1

[Event "ARG-ch55"]
[Site "Quilmes"]
[Date "1980.05.29"]
[Round "2"]
[White "Najdorf, Miguel"]
[Black "Rubinetti, Jorge Alberto"]
[Result "0-1"]
[WhiteElo "2510"]
[BlackElo "2445"]
[Annotator "Hebert,J"]
[PlyCount "54"]
[EventDate "1980.05.28"]
[EventType "swiss"]
[EventRounds "13"]
[EventCountry "ARG"]
[SourceTitle "MCL"]
[Source "ChessBase"]
[SourceDate "1999.07.01"]
[SourceVersion "1"]
[SourceVersionDate "1999.07.01"]
[SourceQuality "1"]

1. d4 Nf6 2. c4 c5 3. d5 e6 4. Nc3 exd5 5. cxd5 d6 6. Nf3 g6 7. g3 Bg7 8. Nd2
O-O 9. Bg2 Nbd7 10. O-O Re8 11. h3 a6 12. a4 Rb8 13. Nc4 Ne5 14. Na3 Nh5 15. e4
f5 16. exf5 Bxf5 17. Re1 $2 (17. g4 $1 Bd3 (17... Nxg4 18. hxg4 Qh4 19. gxf5
Be5 20. Re1 $18) (17... Bxg4 18. hxg4 Qh4 19. gxh5 Rf8 20. h6 Bh8 21. Nc4 Ng4
22. Qxg4 Qxg4 23. Nxd6 {Kovacevic,V-Nemet, Karlovac 1979.}) 18. gxh5 Bxf1 19.
Kxf1 $16) 17... Nd3 18. Rxe8+ Qxe8 19. Nc2 $1 (19. g4 $2 {geht nach hinten los:
lleva a} Bd4 20. gxh5 Nxf2 21. Qf3 Ng4+ 22. Kh1 Qe1+ 23. Qf1 Nf2+ 24. Kg1 Ne4+
25. Kh2 Qg3+ 26. Kh1 Be5 $19) 19... Nxf2 $1 20. Kxf2 Bxc2 21. Qxc2 Bd4+ 22. Kf3
Qe1 $6 (22... Qe5 $1 {was winning immediately: gewann auf der Stelle: ganaba
inmediatamente} 23. Bf4 Nxf4 24. gxf4 Qe3+ 25. Kg4 h5+ 26. Kg5 Qg3+ 27. Kh6
Bg7#) 23. Ne4 Rf8+ $6 (23... Re8 $1 {threatening ...Rxe4 followed by Qf2+ was
again stronger. mit der Drohung ...Txe4 gefolgt von Df2+ war wiederum starker.
amenazando ...Txe4 seguido de Df2+ era, de nuevo, mas fuerte.}) 24. Kg4 Re8 25.
Qd3 Rxe4+ 26. Bxe4 Nf6+ 27. Kf3 $2 ({Best defense was Die beste Verteidigung
bestand in La mejor defensa era} 27. Kh4 $1 Nxe4 28. Bg5 $1 {Otherwise Black
had ...Bf6+ Sonst kame ...Lf6+. De otra forma las negras tenian ...Af6+} h6 $3
29. Rxe1 hxg5+ 30. Kg4 Nf2+ 31. Kxg5 Nxd3 32. Re7 b5 33. axb5 axb5 34. Kxg6
Ne5+ 35. Kf5 Bxb2 $19) 27... Qf2# 0-1

[Event "Asia-ch"]
[Site "Kolkata"]
[Date "2001.08.14"]
[Round "7"]
[White "Sriram, Jha"]
[Black "Antonio, Rogelio Jr"]
[Result "1/2-1/2"]
[WhiteElo "2399"]
[BlackElo "2535"]
[Annotator "Hecht,H"]
[PlyCount "133"]
[EventDate "2001.08.09"]
[EventType "swiss"]
[EventRounds "11"]
[EventCountry "IND"]
[SourceTitle "CBM 085"]
[Source "ChessBase"]
[SourceDate "2001.11.13"]
[SourceVersion "1"]
[SourceVersionDate "2001.11.13"]
[SourceQuality "1"]

1. d4 Nf6 2. c4 e6 3. g3 c5 4. d5 exd5 5. cxd5 d6 6. Nc3 g6 7. Bg2 a6 8. a4 Bg7
9. Nf3 O-O 10. O-O Re8 11. Nd2 Nbd7 12. h3 Rb8 13. Nc4 Ne5 14. Na3 Bd7 15. f4
Nh5 16. fxe5 Bxe5 17. Bf4 Nxg3 18. Bxg3 Bxg3 19. e4 b5 20. axb5 axb5 21. Qf3
Be5 22. Qxf7+ Kh8 23. Naxb5 Re7 24. Nxd6 Bxh3 25. Bxh3 Qxd6 26. Qf3 Reb7 27.
Ra2 Rxb2 28. Rxb2 Rxb2 29. Ne2 c4 30. Bg4 Rb8 31. Rc1 Rf8 32. Qe3 Qf6 33. Bh3
Qh4 34. Rf1 Rb8 35. Qf3 Qe7 36. Bg4 Qh4 37. Bh3 Qe7 38. Kg2 Rb2 39. Qf8+ Qxf8
40. Rxf8+ Kg7 41. Rf2 c3 42. d6 Bxd6 43. Nxc3 Rb3 44. Rf3 Be5 45. Nd5 Rb2+ 46.
Rf2 h5 47. Rxb2 Bxb2 {[#] Ungleiche Läufer. Der Kampf gegen die Freibauern
wird nicht bestanden - zu Unrecht!?} 48. Kf3 g5 49. Bd7 Be5 50. Ne3 g4+ 51. Ke2
Kf6 52. Kd3 Ba1 53. Nc4 Kg5 54. e5 h4 55. e6 Bf6 56. Ke3 (56. Nd6 h3 57. Ne4+
Kg6 58. Ng3 h2 59. Ke2 Bh4 60. Nh1 Be7 61. Kf2 Bd6 62. Kg2 Kf6 63. Nf2 g3 64.
Ng4+ Kg5 65. Ne3 Kf6 66. Nf5 $1 {Marke "FRITZ" !} Bc5 (66... Bc7 67. e7 $18)
67. Nxg3 $18) 56... h3 57. Nd6 Be7 58. Ne4+ Kf5 59. Ng3+ Ke5 60. Kf2 Bc5+ 61.
Kf1 Kf4 62. Ne2+ Ke5 63. Bc8 Ke4 64. Bb7+ Ke5 65. Bc8 Ke4 66. Nc3+ Ke5 67. Ne2
1/2-1/2

[Event "Olomouc Skanska Cup"]
[Site "Olomouc"]
[Date "2004.08.11"]
[Round "8"]
[White "Lagowski, Patryk"]
[Black "Babula, Vlastimil"]
[Result "0-1"]
[WhiteElo "2415"]
[BlackElo "2569"]
[Annotator "Kapengut"]
[PlyCount "56"]
[EventDate "2004.08.04"]
[EventType "tourn"]
[EventRounds "11"]
[EventCountry "CZE"]
[EventCategory "9"]
[SourceTitle "CBM 103"]
[Source "ChessBase"]
[SourceDate "2004.11.11"]
[SourceVersion "1"]
[SourceVersionDate "2004.11.11"]
[SourceQuality "1"]

1. d4 Nf6 2. c4 e6 3. g3 c5 4. d5 exd5 5. cxd5 d6 6. Bg2 g6 7. Nc3 Bg7 8. Nf3
O-O 9. O-O Re8 10. Nd2 a6 11. a4 Nbd7 12. h3 Rb8 13. Nc4 Ne5 14. Na3 Nh5 15. f4
$6 {[%csl Rg3,Rh3][%cal Gd8h4,Gg7e5,Ge5h2,Ge8e2] A wrong idea. The basic
continuation is 15.e4.} Nxg3 $1 16. fxe5 Bxe5 $1 $40 (16... Nxf1 17. Qxf1 b5 $5
(17... Bxe5 $6 18. Nc4 Bd4+ 19. e3 Bxc3 20. bxc3 b5 21. axb5 axb5 22. Na5 Bd7
23. Nc6 Bxc6 24. dxc6 Qe7 25. Bd5 $16 {Niksic,J-Gentes,K/Calgary 1996}) (17...
Rxe5 18. Bf4 Rf5 19. e4 Bd4+ 20. Kh1 Rh5 $132 {Raksin-Zhuravlev,V/Kronshtadt
1975}) 18. axb5 axb5 19. Naxb5 Bxe5 20. Ra7 Rb7 21. Rxb7 Bxb7 22. Bf4 Ba6 $15)
17. Nc4 (17. Bf4 Qh4 18. e3 b5 $5 (18... Nxf1 19. Qxf1 Bxf4 20. Qxf4 Qxf4 21.
exf4 Bf5 22. Nc4 Rbd8 $132) (18... Bxh3 19. Rf2 $6 (19. Qe1 $5 Bxg2 (19... Bxf4
20. Rxf4 Qxf4 21. exf4 Rxe1+ 22. Rxe1 Bxg2 {-see 19...Bg2}) (19... b5 $6 20.
axb5 axb5 21. Qxg3 Qxg3 22. Bxg3 Bxg3 23. Bxh3 b4 24. Rf3 Be5 25. Nc4 bxc3 26.
bxc3 Bxc3 27. Ra6 $16) 20. Kxg2 Bxf4 21. Rxf4 Qxf4 22. exf4 Rxe1 23. Rxe1 Nf5
24. Ne4 b5 25. axb5 axb5 26. Nc2 $14) 19... Bxg2 20. Kxg2 (20. Rxg2 Bxf4 21.
exf4 Re3 22. Rh2 Qxf4 $17) 20... Nf5 $5 (20... Nh5 $6 21. Qf3 Bxf4 (21... Nxf4+
22. exf4 Bd4 23. Re2 Rxe2+ 24. Nxe2 Bxb2 $15) 22. exf4 Ng7 23. Nc4 Nf5 24. a5
$14 {Abramovic,B-Vrbljanac,T/Belgrade SCG 2004}) 21. Qf3 Bxf4 22. Qxf4 Nxe3+
23. Kg1 Qxf4 24. Rxf4 f5 $17) 19. Bxe5 Nxf1 20. Bxd6 Nxe3 21. Qf3 (21. Qe2 $2
Bxh3 22. Bxh3 Nf5 23. Qh2 Nxd6 $19) (21. Qe1 $6 Qd4 22. Kh1 Bxh3 23. Bxh3 Rbd8
24. Qg3 b4 25. Bc7 bxc3 26. Bxd8 Qxd5+ $19) 21... Nxg2 22. Bxb8 Ne1 23. Qg3 b4
$1 24. Qxh4 Nf3+ 25. Kf2 Nxh4 26. Bd6 bxa3 27. Rxa3 c4 $15) 17... Bxc3 18. bxc3
Bxh3 $1 $146 (18... b5 $5 19. axb5 axb5 20. Ne3 Nxf1 21. Nxf1 Qh4 22. Qd3 b4
23. cxb4 (23. e4 $6 f5 24. Qg3 Qxg3 25. Nxg3 bxc3 $17 {Donner,J-Ree,H/
Amsterdam 1979}) 23... Bf5 24. e4 Bxe4 25. Bxe4 c4 $5 26. Qc3 (26. Qxc4 $140 $6
Rxe4 27. Qd3 Rexb4 28. Ra3 Rb1 $17) 26... Rxe4 27. Ra2 (27. Bb2 $140 $6 Re5 $15
) (27. Ra6 $140 $6 Rbe8 28. Rxd6 Re1 29. Bd2 R1e2 30. Rf6 Rxd2 $1 31. Nxd2 Re2
$19) 27... Re5 28. Rf2 Rxd5 29. Rf4 Qg5+ 30. Rg4 Rd3 $1 31. Qxc4 Qb5 $15) 19.
Rf2 (19. Bxh3 Qh4 20. e4 Qxh3 21. Qf3 Qxf1+ 22. Qxf1 Nxf1 23. Kxf1 Rbd8 24. Nd2
b5 25. axb5 axb5 $17) 19... Bxg2 20. Kxg2 (20. Rxg2 $140 $2 Qh4 21. Rh2 Qxc4
$19) 20... Ne4 21. Rf3 Qh4 22. a5 $6 (22. Bf4 $2 Nxc3 23. Qh1 Rxe2+ $19) (22.
Qf1 b5 23. axb5 axb5 24. Ne3 Qg5+ 25. Kh2 Nxc3 $17) 22... Qg4+ 23. Kf1 Ng3+ 24.
Rxg3 Qxg3 25. Qd3 Qh4 $19 26. Rb1 Re4 27. Nxd6 Qh1+ 28. Kf2 Rg4 0-1